[Event "Rostock SSC op 17th"]
[Site "Rostock"]
[Date "2018.07.11"]
[Round "1.14"]
[White "Mertens, Lothar"]
[Black "Fromm, Marius"]
[Result "0-1"]
[WhiteElo "1644"]
[BlackElo "2022"]
[PlyCount "126"]
[EventDate "2018.07.11"]
[EventType "swiss"]
[EventRounds "7"]
[EventCountry "GER"]
[SourceTitle "EXT 2019"]
[Source "ChessBase"]
[SourceDate "2018.10.10"]
[SourceVersion "1"]
[SourceVersionDate "2018.10.10"]
[SourceQuality "1"]

1. e4 e6 2. d4 d5 3. exd5 exd5 4. Nf3 Bd6 5. Bd3 Nc6 6. c3 Nge7 7. Bg5 Bg4 8. h3 Bh5 9. Nbd2 Qd7 10. Qe2 0-0-0 11. 0-0-0 Rde8 12. g4 Bg6 13. Nh4 Bxd3 14. Qxd3 h6 15. Be3 g5 16. Ng2 f5 17. f3 Rhf8 18. Rdf1 Nd8 19. Nb3 Nf7 20. Nc5 Bxc5 21. dxc5 Ne5 22. Qc2 N7c6 23. Bd4 Nxd4 24. cxd4 Nc6 25. Qd2 Qg7 26. Re1 Qxd4 27. Qc2 Rxe1+ 28. Rxe1 Nb4 29. Qd2 Nxa2+ 30. Kd1 Qxc5 31. Ne3 fxg4 32. fxg4 Re8 33. Nxd5 Rxe1+ 34. Kxe1 Qc1+ 35. Ke2 Qc4+ 36. Kf3 b6 37. Ne7+ Kb7 38. Qd5+ Qxd5+ 39. Nxd5 Nc1 40. Ne7 Nd3 41. Nf5 Nxb2 42. Nxh6 a5 43. Nf5 a4 44. Ne3 a3 45. Nc2 a2 46. h4 gxh4 47. g5 Nd3 48. Kg4 Ne5+ 49. Kxh4 b5 50. Kg3 b4 51. Na1 Kc6 52. Kf4 Kd5 53. Ke3 c5 54. g6 Nxg6 55. Kd3 c4+ 56. Kd2 b3 57. Kc3 Kc5 58. Kb2 Kb4 59. Nxb3 cxb3 60. Ka1 Ne5 61. Kb2 a1Q+ 62. Kxa1 Kc3 63. Kb1 b2 0-1

[Event "Leipzig VfB op 23rd"]
[Site "Leipzig"]
[Date "2016.03.19"]
[Round "8"]
[White "Mertens, Lothar"]
[Black "Stumbries, Lars"]
[Result "0-1"]
[WhiteElo "1679"]
[BlackElo "1945"]
[PlyCount "76"]
[EventDate "2016.03.15"]
[EventType "swiss"]
[EventRounds "9"]
[EventCountry "GER"]
[SourceTitle "EXT 2017"]
[Source "ChessBase"]
[SourceDate "2016.10.25"]
[SourceVersion "1"]
[SourceVersionDate "2016.10.25"]
[SourceQuality "1"]

1. e4 e6 2. d4 d5 3. exd5 exd5 4. Nf3 Nf6 5. Bd3 Bd6 6. 0-0 0-0 7. Re1 Bg4 8. h3 Bh5 9. Bg5 Nbd7 10. Nc3 c6 11. Bf5 Qb6 12. Bxd7 Nxd7 13. g4 Bg6 14. Rb1 Rfe8 15. Be3 Qc7 16. Qd2 Nb6 17. b3 Bb4 18. Ne5 Be4 19. f3 f6 20. fxe4 fxe5 21. dxe5 Qxe5 22. Bd4 Qg3+ 23. Qg2 Qxg2+ 24. Kxg2 c5 25. Bxc5 Bxc3 26. Re3 d4 27. Re2 Nd7 28. Bxd4 Bxd4 29. Rd1 Nb6 30. Rxd4 Rad8 31. Rxd8 Rxd8 32. c4 Kf7 33. c5 Nd7 34. b4 Ne5 35. Rc2 Ke7 36. b5 Rc8 37. a4 Nd3 38. Kg3 Rxc5 0-1

[Event "Blankenburg op-B 19th"]
[Site "Blankenburg"]
[Date "2014.10.04"]
[Round "5"]
[White "Kalliwoda, Enrico"]
[Black "Mertens, Lothar"]
[Result "1-0"]
[WhiteElo "1847"]
[BlackElo "1685"]
[PlyCount "61"]
[EventDate "2014.10.02"]
[EventType "swiss"]
[EventRounds "7"]
[EventCountry "GER"]
[SourceTitle "EXT 2023"]
[Source "ChessBase"]
[SourceDate "2022.10.05"]
[SourceVersion "1"]
[SourceVersionDate "2022.10.05"]
[SourceQuality "1"]

1. e4 e6 2. g3 d5 3. Bg2 dxe4 4. Bxe4 Nf6 5. Bg2 Bc5 6. Ne2 c6 7. 0-0 e5 8. d3 h5 9. Bg5 Qd6 10. Re1 Ng4 11. d4 exd4 12. Nxd4+ Be6 13. c3 Nd7 14. b4 Bb6 15. h3 Ngf6 16. Bf4 Qe7 17. Nxe6 fxe6 18. c4 e5 19. c5 Bc7 20. Nc3 0-0-0 21. Qa4 Kb8 22. b5 Nxc5 23. Qc4 Nd3 24. bxc6 Nxe1 25. Rxe1 Rd4 26. Qxd4 exd4 27. Rxe7 Bxf4 28. Rxb7+ Kc8 29. Nb5 Bb8 30. c7 Nd7 31. Nd6# 1-0

[Event "Leipzig VfB op 21st"]
[Site "Leipzig"]
[Date "2014.03.04"]
[Round "1"]
[White "Herfurth, Thomas"]
[Black "Mertens, Lothar"]
[Result "1-0"]
[WhiteElo "1928"]
[BlackElo "1636"]
[PlyCount "91"]
[EventDate "2014.03.04"]
[EventType "tourn"]
[EventRounds "9"]
[EventCountry "GER"]
[SourceTitle "CBM 159 Extra"]
[Source "ChessBase"]
[SourceDate "2014.04.24"]
[SourceVersion "1"]
[SourceVersionDate "2014.04.24"]
[SourceQuality "1"]

1. Nc3 d5 2. e4 dxe4 3. Nxe4 e6 4. d4 Nf6 5. Bd3 Be7 6. Nf3 Nbd7 7. c3 c6 8. 0-0 0-0 9. Nfg5 h6 10. Nxf6+ Nxf6 11. Ne4 Nxe4 12. Bxe4 Bf6 13. f4 Qc7 14. Be3 b6 15. Qf3 Bb7 16. Rf2 Rfc8 17. g4 Qe7 18. g5 hxg5 19. fxg5 Bxg5 20. Qh5 Bh6 21. Bxh6 f5 22. Bg5 Qd7 23. Bg2 c5 24. Bxb7 Qxb7 25. Be3 Qe4 26. Qf3 Qh4 27. Rg2 Rc7 28. Bf4 Rd7 29. Be5 Qh6 30. Re1 g5 31. Qg3 g4 32. h3 Rh7 33. hxg4 f4 34. Qf3 Qh4 35. Kf1 Rf7 36. Ke2 cxd4 37. cxd4 Qh7 38. Kd2 Rc8 39. Qd3 Qh6 40. g5 Qh5 41. Rgg1 f3 42. Ref1 Rf5 43. Qe3 Rxe5 44. Qxe5 Qg6 45. Rc1 Rf8 46. Rh1 1-0